000 00239nam a2200097Ia 4500
001 807732
005 20250826171236.0
008 250824s9999 xx 000 0 und d
245 0 _aYALNIZ DEĞİLSİN
_cALEV ALATLI
260 _bDESTEK YAYINLARI
999 _c807732
_d807732